000 01284cam a2200325 a 4500
001 3388
005 20240301110649.0
020 _a9780763666859
040 _aDLC
_cDLC
_dBTCTA
_dBAKER
_dLIQ
_dEHH
_dTEF
_dUPZ
_dDLC
_beng
050 0 0 _aPZ7.C268788
_b 2007
082 0 0 _a813.6
100 1 _aCate,Annette Leblanc
245 1 4 _aThe magic rabbit /
_cAnnette LeBlanc Cate
250 _aSecond paperbaack edition 2013
260 _aMassachusetts :
_bCandlewick Press,
_c2007
300 _a31 unnumbered pages :
_billustrations ;
_c24 cm.
505 _aN
520 _aWhen Bunny becomes separated from Ray, a magician who is his business partner and friend, he follows a crowd to a park where he has a lovely afternoon, and after the people leave and darkness falls, the lonely and frightened Bunny finds a glittering trail of hope.
521 _a570
_bLexile
521 _aN
_bRaz-Plus
650 0 _aLost articles
_vJuvenile fiction.
650 0 _aRabbits
_vJuvenile fiction.
650 0 _aMagicians
_vJuvenile fiction.
650 1 _aLost and found possessions
_vFiction.
650 1 _aRabbits
_vFiction.
650 1 _aMagicians
_vFiction.
655 7 _aPicture books for children.
_2gsafd
906 _a7
_bcbc
_corignew
_d1
_eecip
_f20
_gy-gencatlg
942 _2ddc
_cBK
_n0
999 _c3388
_d3388